Evaluación de la erosión potencial y producción de sedimentos en tres cuencas de Costa Rica

Збережено в:
Бібліографічні деталі
Автор: Gómez Delgado, Federico
Формат: Книга
Мова:Undetermined
Опубліковано: San José, C.R. 2002
Предмети:
Теги: Додати тег
Немає тегів, Будьте першим, хто поставить тег для цього запису!

MARC

LEADER 00000nam a2200000Ia 4500
003 008961
005 20221231144153.0
008 140114s9999 xx 000 0 und d
040 |c cru CEDI 
090 |a TFG 4523 
100 |a Gómez Delgado, Federico  |9 7326 
245 |a Evaluación de la erosión potencial y producción de sedimentos en tres cuencas de Costa Rica  
260 |c 2002  |a  San José, C.R. 
300 |a  x, 140 hojas : ilustraciones(algunas a color), mapas  
500 |a  Tesis (licenciatura en ingeniería civil)--Universidad de Costa Rica. Facultad de Ingeniería. Escuela de Ingeniería Civil 
650 |x CUENCAS HIDROGRAFICAS   |x  ASPECTOS AMBIENTALES   |x EROSION DE SUELOS   |x TRANSPORTE DE SEDIMENTOS   |x SISTEMAS DE INFORMACION GEOGRAFICA  |9 7327 
942 |c TFG 
999 |c 17918  |d 17918